000 00632nam a2200193Ia 4500
003 GCL
008 140319s9999 xx 000 0 ara d
040 _aGCL /
_cGCL
082 0 4 _a028.7
_bم ا
100 1 _aمحمد حلمى سعيد
245 1 0 _aالف سوال بلا اجابة نظرية المنتهى والبعد الخامس /
_cمحمد حلمى سعيد
260 _a[S.N] :
_bلجنة الاعلام والدراسات المستقبلية
300 _a260 ص
490 _a
650 0 4 _aالتثقيف الذاتى
650 0 4 _aالثقافة الذاتية
650 0 4 _aالمعرفة
942 _2ddc
_cBK
999 _c27940
_d27940